Name the top 5 scorers of all NHL teams in the 2023-24 season - Statistics

General Stats
  • This quiz has been taken 84 times
  • The average score is 98 of 160
Answer Stats
Hint Answer % Correct
CAR 89p Sebastian Aho
97%
COL 90p Cale Makar
95%
COL 140p Nathan MacKinnon
95%
CHI 61p Connor Bedard
94%
DAL 80p Jason Robertson
94%
PIT 94p Sidney Crosby
94%
NYR 120p Artemi Panarin
92%
TOR 107p Auston Matthews
92%
EDM 132p Connor McDavid
92%
BOS 110p David Pastrnak
92%
NSH 94p Filip Forsberg
92%
NJD 74p Jack Hughes
92%
EDM 106p Leon Draisaitl
92%
NJD 47p Luke Hughes
92%
COL 104p Mikko Rantanen
92%
VAN 92p Quinn Hughes
92%
WSH 65p Alexander Ovechkin
90%
BOS 67p Brad Marchand
90%
TOR 85p Mitchell Marner
90%
FLA 80p Aleksander Barkov
89%
VAN 89p Elias Pettersson
89%
PIT 56p Erik Karlsson
89%
MTL 77p Nicholas Suzuki
89%
TBL 144p Nikita Kucherov
89%
NSH 85p Roman Josi
89%
TBL 81p Steven Stamkos
89%
VGK 60p William Karlsson
89%
OTT 74p Brady Tkachuk
87%
FLA 88p Matthew Tkachuk
87%
BOS 47p Charlie McAvoy
85%
MIN 96p Kirill Kaprizov
85%
BUF 56p Tage Thompson
85%
TOR 98p William Nylander
85%
LAK 70p Anze Kopitar
84%
DET 69p Dylan Larkin
84%
PIT 67p Evgeni Malkin
84%
TOR 65p John Tavares
84%
VAN 103p J.T. Miller
84%
NYI 80p Mathew Barzal
84%
NYR 72p Mika Zibanejad
84%
TBL 90p Brayden Point
82%
MTL 65p Cole Caufield
82%
WPG 61p Kyle Connor
82%
EDM 82p Evan Bouchard
81%
MIN 64p Joel Eriksson Ek
81%
ARI 76p Clayton Keller
79%
CGY 52p Jonathan Huberdeau
79%
BUF 59p Rasmus Dahlin
79%
DAL 65p Roope Hintz
79%
NYR 73p Adam Fox
77%
NJD 67p Nico Hischier
77%
FLA 94p Sam Reinhart
77%
NJD 83p Jesper Bratt
76%
CBJ 60p Johnny Gaudreau
76%
WPG 72p Mark Scheifele
76%
CAR 53p Martin Necas
76%
OTT 70p Tim Stutzle
76%
EDM 77p Zach Hyman
76%
EDM 67p Ryan Nugent-Hopkins
74%
TBL 76p Victor Hedman
74%
CAR 52p Andrei Svechnikov
73%
VGK 68p Jack Eichel
71%
DAL 67p Joe Pavelski
71%
VGK 53p Mark Stone
71%
LAK 75p Adrian Kempe
69%
VAN 73p Brock Boeser
69%
NYR 75p Chris Kreider
69%
TOR 58p Morgan Rielly
69%
CAR 67p Seth Jarvis
69%
PIT 52p Jake Guentzel
68%
WPG 69p Josh Morrissey
68%
CGY 75p Nazem Kadri
68%
STL 86p Robert Thomas
68%
OTT 64p Claude Giroux
66%
SEA 62p Jared McCann
66%
WSH 52p John Carlson
66%
VGK 69p Jonathan Marchessault
66%
CHI 37p Nick Foligno
66%
MTL 50p Juraj Slafkovsky
63%
DET 72p Lucas Raymond
63%
PHI 68p Travis Konecny
63%
STL 67p Jordan Kyrou
61%
NYR 77p Vincent Trocheck
61%
CBJ 57p Zach Werenski
61%
SEA 44p Jordan Eberle
60%
SJS 60p Mikael Granlund
60%
DAL 65p Wyatt Johnston
60%
BUF 59p Alex Tuch
58%
NJD 52p Timo Meier
58%
ANA 54p Troy Terry
58%
SEA 46p Vince Dunn
58%
OTT 41p Vladimir Tarasenko
58%
NYI 69p Brock Nelson
56%
MIN 69p Matthew Boldy
56%
CAR 53p Teuvo Teräväinen
56%
DET 67p Alex DeBrincat
55%
NYI 68p Bo Horvat
55%
PIT 56p Bryan Rust
55%
LAK 73p Kevin Fiala
55%
NSH 69p Ryan O'Reilly
55%
WPG 61p Nikolaj Ehlers
53%
NYI 70p Noah Dobson
53%
WSH 67p Dylan Strome
52%
ANA 60p Frank Vatrano
52%
MIN 63p Mats Zuccarello
52%
DAL 65p Matt Duchene
52%
ANA 41p Ryan Strome
52%
CBJ 35p Boone Jenner
50%
ANA 42p Mason McTavish
50%
FLA 41p Sam Bennett
50%
SJS 34p Thomas Hertl
50%
FLA 72p Carter Verhaeghe
48%
BOS 59p Pavel Zacha
48%
BOS 60p Charlie Coyle
47%
OTT 66p Drake Batherson
47%
CHI 31p Tyler Johnson
47%
TBL 75p Brandon Hagel
45%
VAN 48p Filip Hronek
45%
WSH 35p Tom Wilson
44%
COL 53p Valeri Nichushkin
44%
ARI 61p Nick Schmaltz
42%
BUF 47p Dylan Cozens
40%
CGY 52p Mackenzie Weegar
40%
STL 63p Pavel Buchnevich
40%
MIN 47p Brock Faber
39%
BUF 50p John-Jason Peterka
39%
COL 56p Jonathan Drouin
39%
MTL 62p Michael Matheson
39%
MTL 35p Sean Monahan
39%
STL 46p Brayden Schenn
37%
CBJ 42p Kirill Marchenko
34%
ARI 57p Matias Maccelli
34%
CHI 54p Philipp Kurashev
34%
SJS 44p William Eklund
34%
VGK 51p Chandler Stephenson
32%
SJS 27p Anthony Duclair
31%
LAK 57p Trevor Moore
29%
CGY 59p Yegor Sharangovich
29%
ANA 42p Adam Henrique
27%
WPG 38p Cole Perfetti
27%
NSH 75p Gustav Nyquist
27%
PHI 50p Joel Farabee
27%
NYI 54p Kyle Palmieri
27%
PHI 53p Owen Tippett
27%
DET 56p Shayne Gostisbehere
27%
SEA 41p Eeli Tolvanen
26%
SEA 59p Oliver Björkstrand
24%
PHI 44p Travis Sanheim
24%
PHI 41p Morgan Frost
23%
NSH 45p Thomas Novak
23%
CGY 54p Blake Coleman
21%
CHI 35p Jason Dickinson
21%
WSH 34p Anthony Mantha
19%
CBJ 34p Dmitry Voronkov
19%
SJS 45p Fabian Zetterlund
19%
DET 48p J.T. Compher
19%
STL 42p Brandon Saad
18%
ARI 45p Nick Bjugstad
15%
ARI 45p Alexander Kerfoot
13%
LAK 55p Quinton Byfied
3%
No matching quizzes found
Score Distribution
Percent of People with Each Score
Percentile by Number Answered
Your Score History
You have not taken this quiz